[Event "TUR-chT Clubs"]
[Site "Konya"]
[Date "2019.07.20"]
[Round "7.13"]
[White "Aktas, Oguz Kagan"]
[Black "Erdem, Eren"]
[Result "0-1"]
[WhiteElo "1185"]
[BlackElo "1448"]
[PlyCount "126"]
[EventDate "2019.07.16"]
[EventType "team-swiss"]
[EventRounds "9"]
[EventCountry "TUR"]
[SourceTitle "CBM 191 Extra"]
[Source "ChessBase"]
[SourceDate "2019.09.30"]
[SourceVersion "1"]
[SourceVersionDate "2019.09.30"]
[SourceQuality "1"]
[WhiteTeam "Kalite Dernegi"]
[BlackTeam "Bolu Dernegi"]
[WhiteTeamCountry "TUR"]
[BlackTeamCountry "TUR"]

1. d4 d5 2. Nc3 Nf6 3. Bf4 c6 4. Nf3 Bf5 5. e3 e6 6. Bd3 Bg6 7. Ne5 Nbd7 8. Bg5 Be7 9. Nxg6 hxg6 10. e4 Nxe4 11. Bxe7 Nxc3 12. Bxd8 Nxd1 13. Rxd1 Rxd8 14. Kd2 0-0 15. h4 e5 16. h5 e4 17. Be2 gxh5 18. Bxh5 g6 19. Be2 Kg7 20. Rh4 Rh8 21. Rdh1 Rxh4 22. Rxh4 Rh8 23. Rxh8 Kxh8 24. c4 a6 25. cxd5 cxd5 26. f3 f5 27. g4 Kg7 28. fxe4 dxe4 29. Ke3 Kf6 30. Kf4 Nb6 31. gxf5 gxf5 32. Bf1 Nd5+ 33. Kg3 Kg5 34. Be2 f4+ 35. Kf2 f3 36. Bc4 Nb6 37. Bb3 Kf4 38. Bc4 e3+ 39. Kf1 e2+ 40. Bxe2 fxe2+ 41. Kxe2 Ke4 42. d5 Nxd5 43. a3 Kd4 44. Kd2 Kc4 45. Kc2 Ne3+ 46. Kb1 Kb3 47. Ka1 Nc4 48. Kb1 Nxa3+ 49. bxa3 Kxa3 50. Ka1 b5 51. Kb1 b4 52. Ka1 b3 53. Kb1 b2 54. Kc2 Ka2 55. Kc3 b1Q 56. Kd2 Qb3 57. Kc1 Qb2+ 58. Kd1 Kb3 59. Ke1 Kc3 60. Kf1 Kd3 61. Kg1 Ke3 62. Kf1 Kf3 63. Kg1 Qg2# 0-1

[Event "TUR-chT Clubs"]
[Site "Konya"]
[Date "2019.07.18"]
[Round "5.13"]
[White "Erdem, Eren"]
[Black "Tugmen, Alperen"]
[Result "1-0"]
[WhiteElo "1448"]
[BlackElo "1410"]
[PlyCount "113"]
[EventDate "2019.07.16"]
[EventType "team-swiss"]
[EventRounds "9"]
[EventCountry "TUR"]
[SourceTitle "CBM 191 Extra"]
[Source "ChessBase"]
[SourceDate "2019.09.30"]
[SourceVersion "1"]
[SourceVersionDate "2019.09.30"]
[SourceQuality "1"]
[WhiteTeam "Bolu Dernegi"]
[BlackTeam "Sinop Kultur"]
[WhiteTeamCountry "TUR"]
[BlackTeamCountry "TUR"]

1. Nf3 f5 2. g3 Nf6 3. Bg2 e6 4. d4 Be7 5. 0-0 0-0 6. c4 d6 7. Nc3 a5 8. Re1 Ne4 9. Nd2 Nxc3 10. bxc3 Qe8 11. e4 fxe4 12. Nxe4 Qf7 13. Qe2 d5 14. cxd5 exd5 15. Nd2 Bd6 16. Rb1 Nd7 17. c4 c6 18. cxd5 cxd5 19. Qe6 Qxe6 20. Rxe6 Bb4 21. Bxd5 Kh8 22. Re3 Nf6 23. Bg2 Ng4 24. Re2 Bf5 25. Be4 Bxe4 26. Nxe4 Rae8 27. Bf4 Nf6 28. f3 Nd5 29. Be5 b6 30. Kg2 Nc3 31. Nxc3 Bxc3 32. Kf2 Re6 33. Bxg7+ Kxg7 34. Rxe6 Bxd4+ 35. Kg2 Rc8 36. Re2 Kf6 37. Rd1 Rc4 38. Rdd2 Bc5 39. Re4 Rc3 40. h4 Bb4 41. Rde2 Rc6 42. g4 Bc3 43. f4 b5 44. Re7 h6 45. f5 b4 46. R7e6+ Rxe6 47. Rxe6+ Kg7 48. Ra6 Bf6 49. Ra7+ Kg8 50. Rxa5 Bxh4 51. a3 bxa3 52. Rxa3 Bg5 53. Kf3 Kf7 54. Ke4 Kf6 55. Ra6+ Ke7 56. Ke5 Kf7 57. Ra7+ 1-0

[Event "TUR-chT2"]
[Site "Konya"]
[Date "2018.07.12"]
[Round "4.24"]
[White "Bulcun, Omer"]
[Black "Erdem, Eren"]
[Result "1/2-1/2"]
[WhiteElo "1226"]
[BlackElo "1281"]
[PlyCount "103"]
[EventDate "2018.07.10"]
[EventType "team-swiss"]
[EventRounds "9"]
[EventCountry "TUR"]
[SourceTitle "EXT 2019"]
[Source "ChessBase"]
[SourceDate "2018.10.10"]
[SourceVersion "1"]
[SourceVersionDate "2018.10.10"]
[SourceQuality "1"]
[WhiteTeam "Corum Merkez Yatili"]
[BlackTeam "Bolu Dernegi"]
[WhiteTeamCountry "TUR"]
[BlackTeamCountry "TUR"]

1. e4 c5 2. Bc4 e6 3. Nc3 a6 4. a4 Qc7 5. Nf3 d6 6. d3 Nf6 7. Bf4 Nbd7 8. 0-0 Be7 9. Re1 0-0 10. Bg3 b6 11. d4 cxd4 12. Qxd4 Bb7 13. b4 Rac8 14. Nd2 Nh5 15. Re3 Nxg3 16. Rxg3 Bf6 17. Qd3 Ne5 18. Qe2 Nxc4 19. Nxc4 Qxc4 20. Qxc4 Rxc4 21. Ra3 Rxc3 22. Raxc3 Bxc3 23. Rxc3 Rc8 24. Rxc8+ Bxc8 25. f3 Kf8 26. Kf2 Ke7 27. Ke3 e5 28. c4 Be6 29. Kd3 Kd7 30. g3 g5 31. g4 Kc7 32. Kc3 b5 33. cxb5 axb5 34. a5 d5 35. Kd3 d4 36. Kc2 Bc8 37. Kd3 Kd6 38. Kc2 Ke6 39. Kd3 Kf6 40. Kc2 h6 41. h3 Ke6 42. Kd2 Kd6 43. Kd3 Kc6 44. Kc2 Be6 45. Kd2 f6 46. Ke1 Bc4 47. Kf2 d3 48. Ke3 d2 49. Kxd2 Bf1 50. Ke3 Bxh3 51. Kf2 Kb7 52. Kg1 1/2-1/2

[Event "TUR-chT2"]
[Site "Konya"]
[Date "2018.07.11"]
[Round "3.14"]
[White "Erdem, Eren"]
[Black "Ince, Ali Emre"]
[Result "1/2-1/2"]
[WhiteElo "1281"]
[BlackElo "1501"]
[PlyCount "94"]
[EventDate "2018.07.10"]
[EventType "team-swiss"]
[EventRounds "9"]
[EventCountry "TUR"]
[SourceTitle "EXT 2019"]
[Source "ChessBase"]
[SourceDate "2018.10.10"]
[SourceVersion "1"]
[SourceVersionDate "2018.10.10"]
[SourceQuality "1"]
[WhiteTeam "Bolu Dernegi"]
[BlackTeam "Manisa Yunusembre"]
[WhiteTeamCountry "TUR"]
[BlackTeamCountry "TUR"]

1. d4 Nf6 2. Nf3 e6 3. c4 d5 4. Nc3 Nbd7 5. Bg5 Be7 6. e3 h6 7. Bh4 0-0 8. Bd3 c5 9. cxd5 Nxd5 10. Bxe7 Nxe7 11. 0-0 Nc6 12. d5 exd5 13. Nxd5 Nde5 14. Nxe5 Nxe5 15. Be2 Bf5 16. Nc3 a6 17. Qd5 Qxd5 18. Nxd5 Bd3 19. Bxd3 Nxd3 20. Rfd1 Nb4 21. Nb6 Rad8 22. Nd7 Rfe8 23. a3 Nc2 24. Rac1 Nd4 25. exd4 Rxd7 26. dxc5 Rxd1+ 27. Rxd1 Re2 28. b4 Ra2 29. Rd8+ Kh7 30. g3 a5 31. Rd7 Rxa3 32. Rxb7 Rb3 33. c6 axb4 34. Rxf7 Rc3 35. Rb7 Rxc6 36. Rxb4 Rc1+ 37. Kg2 Rc3 38. Rb6 Ra3 39. h4 Rc3 40. Rd6 Rb3 41. Re6 Kg8 42. g4 Rb4 43. f3 Kf7 44. Rc6 Ra4 45. Kg3 Rb4 46. Ra6 Rc4 47. Rb6 Ra4 1/2-1/2